000 00950nam a22002057a 4500
999 _c9689
_d9689
003 AR-CdUCM
008 190328b ||||| |||| 00| 0 spa d
040 _aMUNICIPALIDAD PROVINCIAL DEL CUSCO
_cBIBLIOTECA MUNICIPAL DEL CUSCO
082 _a869.54 / 1947 /
_bB517
100 _aBernal, Dionicio Rodolfo
_926055
245 _aLa muliza cerreña :
_bteorías e investigaciones, origen y realidad folklórica, su técnica literaria y musical: folklore peruano /
260 _aLima :
_bTalls. de la Compañía de Impresiones y Publicidad,
_c1947.
300 _a239 páginas ;
_c17 cm.
505 _aContenido: Ubicación de la tierra -- La antigüedad de nuestra poesía tradicional -- La unidad espiritual de América -- Unidad de la Fé -- EL libro -- Unidad de la lengua -- Unidad de legislación...
650 _aCanciones populares
_917990
650 _aCerro de Pasco
_920974
650 _aFolclore
_93233
942 _2ddc
_cLIBROS
945 _adavv